The Ingenious Gentleman Don Quixote of la Mancha (Record no. 3086)

MARC details
000 -CABECERA
campo de control de longitud fija 02130nam a2200313 a 4500
001 - NÚMERO DE CONTROL
campo de control BRCA_3350
005 - FECHA Y HORA DE LA ÚLTIMA TRANSACCIÓN
campo de control 20190320204234.0
008 - DATOS DE LONGITUD FIJA--INFORMACIÓN GENERAL
campo de control de longitud fija 260309s1888----enk#---###---#000-0#eng-#
041 ## - CÓDIGO DE LENGUA
Código de lengua del texto/banda sonora o título independiente eng
044 ## - CÓDIGO DEL PAÍS DE LA ENTIDAD EDITORA/PRODUCTORA
Código MARC del país enk
084 ## - OTRO NÚMERO DE CLASIFICACIÓN
Número de clasificación 644
Número de documento/Ítem .Q37
-- 1888
100 1# - ENTRADA PRINCIPAL--NOMBRE DE PERSONA
Nombre de persona Cervantes Saavedra, Miguel de
Fechas asociadas al nombre 1547-1616
9 (RLIN) 213
245 10 - MENCIÓN DE TÍTULO
Título The Ingenious Gentleman Don Quixote of la Mancha
Mención de responsabilidad, etc. By Miguel de Cervantes Saavedra; A New Edition done into English with Notes Original and Selected and a New Life by Henry Edward Watts.
260 ## - PUBLICACIÓN, DISTRIBUCIÓN, ETC.
Lugar de publicación, distribución, etc. Londres
Nombre del editor, distribuidor, etc. Bernard Quaritch
Fecha de publicación, distribución, etc. 1888
300 ## - DESCRIPCIÓN FÍSICA
Extensión 5 v.
Dimensiones 23 cm.
500 ## - NOTA GENERAL
Nota general Contenido : v.1. Vida de Cervantes por Watts. Prefacio e introducción del mismo. Apéndices: A. Genealogía de Cervantes B. Extracto de la información de Argel C. Bibliografía de ediciones del Quijote D. Libros de caballería E. Geines sobre Cervantes y Don Quijote, índice de nombres y apellidos. -- v.2. Primera parte. Dediactoria y prólogo de Cervantes. Versos preliminares. Notas. Apéndices: A. La Mancha B. Historia de Amadís C. La familia de Amadís D. El paso honroso de Suero de Quiñones. -- v.3. Primera parte. Texto. Apéndices: A. Cronología de Don Quijote B. El mito de Rolando C. El Cid. -- v.4. Segunda parte. Introducción por el traductor. Aprobación de Márquez Torres. Dedicatoria y prólogo de Cervantes. Apéndices: A. Dulcinea del Toboso B. El encantador Merlín C. Refranes españoles. -- v.5. Segunda parte. Texto. Apéndices: A. Carta de Cervantes al arzobispo de Toledo B. Índice alfabético de la obra
500 ## - NOTA GENERAL
Nota general Ejemplar por completo igual al anterior [643] Lúdovik Osterc
500 ## - NOTA GENERAL
Nota general Con ex-libris de : Charles A. Wooley
500 ## - NOTA GENERAL
Nota general QM486
546 ## - NOTA DE LENGUA/LENGUAJE
Nota de lengua/lenguaje Texto en : inglés
650 14 - PUNTO DE ACCESO ADICIONAL DE MATERIA--TÉRMINO DE MATERIA
Término de materia o nombre geográfico como elemento de entrada Novela española
Subdivisión cronológica Época clásica, 1500-1700
9 (RLIN) 215
650 14 - PUNTO DE ACCESO ADICIONAL DE MATERIA--TÉRMINO DE MATERIA
Término de materia o nombre geográfico como elemento de entrada Literatura española
Subdivisión cronológica Época clásica, 1500-1700
9 (RLIN) 216
650 14 - PUNTO DE ACCESO ADICIONAL DE MATERIA--TÉRMINO DE MATERIA
Término de materia o nombre geográfico como elemento de entrada Novela española
Subdivisión cronológica Siglo XVII
9 (RLIN) 217
650 14 - PUNTO DE ACCESO ADICIONAL DE MATERIA--TÉRMINO DE MATERIA
Término de materia o nombre geográfico como elemento de entrada Don Quijote (Personaje ficticio)
Término indicativo de función/relación Novela
9 (RLIN) 218
700 1# - PUNTO DE ACCESO ADICIONAL--NOMBRE DE PERSONA
Nombre de persona Watts, Henry Edward
Fechas asociadas al nombre 1826-1904
Término indicativo de función/relación Traductor
9 (RLIN) 8838
740 0# - PUNTO DE ACCESO ADICIONAL--TÍTULO RELACIONADO O ANALÍTICO NO CONTROLADO
Título relacionado o analítico no controlado El Ingenioso Hidalgo Don Quijote de la Mancha
902 ## - CATALOGADOR
Iniciales QFM
942 ## - ELEMENTOS DE PUNTO DE ACCESO ADICIONAL (KOHA)
Fuente del sistema de clasificación o colocación Library of Congress Classification
Tipo de ítem Koha Libros
Holdings
Estado de retiro Estado de pérdida Estado dañado No para préstamo Localización permanente Ubicación/localización actual Fecha de adquisición Número de inventario Total de préstamos Signatura topográfica completa Código de barras Fecha visto por última vez Precio válido a partir de Tipo de ítem Koha
El ejemplar forma parte de la colección y puede ser consultado según las políticas vigentes.       Biblioteca del Museo Franz Mayer (Rogerio Casas-Alatriste) Biblioteca del Museo Franz Mayer (Rogerio Casas-Alatriste) 26/03/2009 QM486   644 .Q37 1888 (QM486) 3347 22/03/2019 22/03/2019 Libros